| 000 | 00429pab a2200169 454500 | ||
|---|---|---|---|
| 008 | 180718b2011 xxu||||| |||| 00| 0 eng d | ||
| 100 | _aPawar, I. Anand | ||
| 245 | _aImpact of teacher training on teacher competencies | ||
| 260 | _c2011 | ||
| 300 | _ap.14-17, 22. | ||
| 362 | _a11 Jul | ||
| 650 | _aTeacher education | ||
| 650 | _aInservice teacher education | ||
| 773 | _aUniversity News | ||
| 908 | _aN | ||
| 909 | _a92185 | ||
| 999 |
_c92185 _d92185 |
||